000 00565nam a2200193Ia 4500
003 GCL
008 140319s9999 xx 000 0 ara d
040 _aGCL /
_cGCL
082 0 4 _a811.094
_bه ا
100 1 _aهلال العامرى
245 1 0 _aالالق الوافد /
_cهلال العامرى
260 _a[S.N] :
_bالهيئة المصرية العامة للكتاب ،
_c1991
300 _a203 ص
490 _a
650 0 4 _aالشعر العربى
650 0 4 _aالادب العربى
650 0 4 _aالعصر الحديث
942 _2ddc
_cBK
999 _c30106
_d30106